Psychiatric developments: advances and prospects in research and clinical practice

Guardado en:  
Detalles Bibliográficos
Tipo de documento: Print Revista
Lenguaje:Lengua no determinada
Publicado: Oxford Oxford Univ. Press 1983-1989
En:Año: 1983
Verificar disponibilidad: HBZ Gateway
Servicio de pedido Subito: Pedir ahora.
Volúmenes / Artículos:Mostrar volumes / artículos.
Palabras clave:

MARC

LEADER 00000cas a2200000 c 4500
001 16791605X
003 DE-627
005 20230426155214.0
007 tu
008 941031d19831989xxkz| p| 0 |0und c
016 7 |a 013484478  |2 DE-101 
016 7 |a 604905-9  |2 DE-600 
022 |a 0262-9283 
035 |a (DE-627)16791605X 
035 |a (DE-576)015903044 
035 |a (DE-599)ZDB604905-9 
035 |a (OCoLC)889396936 
040 |a DE-627  |b ger  |c DE-627  |e rakwb 
044 |c XA-GB 
082 0 4 |a 610  |q DE-600 
084 |a XA 10000  |q ZDB  |2 rvk  |0 (DE-625)rvk/152411: 
245 0 0 |a Psychiatric developments  |b advances and prospects in research and clinical practice 
264 3 1 |a Oxford  |b Oxford Univ. Press  |c 1983-1989 
336 |a Text  |b txt  |2 rdacontent 
337 |a ohne Hilfsmittel zu benutzen  |b n  |2 rdamedia 
338 |a Band  |b nc  |2 rdacarrier 
362 0 |a 1.1983 - 7.1989; damit Ersch. eingest. 
363 0 0 |a 1  |i 1983 
363 1 0 |a 7  |i 1989 
591 |a 38M! 
655 7 |a Zeitschrift  |0 (DE-588)4067488-5  |0 (DE-627)10454466X  |0 (DE-576)20917000X  |2 gnd-content 
936 r v |a XA 10000  |b Medizinische Zeitschriften  |k Medizin  |k Medizinische Zeitschriften  |0 (DE-627)1276747985  |0 (DE-625)rvk/152411:  |0 (DE-576)206747985 
951 |a JT 
ELC |b 1 
LOK |0 000 xxxxxcy a22 3n 4500 
LOK |0 001 2119057133 
LOK |0 003 DE-627 
LOK |0 004 16791605X 
LOK |0 005 20031114000000 
LOK |0 008 880929||||||||||||||||ger||||||| 
LOK |0 035   |a (DE-600)033127360 
LOK |0 040   |a DE-21-1  |c DE-627  |d DE-21-1 
LOK |0 852   |8 1 
LOK |0 852   |a DE-21-1 
LOK |0 852 1  |9 00 
LOK |0 85900  |8 1.1  |a 1  |i 1983 
LOK |0 85910  |8 1.2  |a 7  |i 1989 
LOK |0 86630  |a 1.1983 - 7.1989 
LOK |0 939   |a 29-09-88  |b z01 
LOK |0 000 xxxxxcx a22 zn 4500 
LOK |0 001 2784332462 
LOK |0 003 DE-627 
LOK |0 004 16791605X 
LOK |0 005 20140224092135 
LOK |0 008 140224||||||||||||||||ger||||||| 
LOK |0 040   |a DE-21-110  |c DE-627  |d DE-21-110 
LOK |0 852   |z Kein Bestand am IfK; Nachweis für KrimDok 
LOK |0 852   |a DE-21-110 
LOK |0 852 1  |m v  |9 00 
LOK |0 935   |a k110 
LOK |0 938   |k v 
LOK |0 939   |a 24-02-14  |b l01 
ORI |a WA-MARC-krimdokb001.raw 
SPR |a 1  |t KRI